000 00561cam a2200217ua 4500
001 2546
008 110826n ii |||gr||||Z||||||asm
020 _a81-7339-193-9
040 _cMAIN
082 _a491.45
100 1 _aNath, Prafulla Kr.,
_eAuthor.
245 1 _aAsamiya bhashar adhyayan
_cby Prafulla kr. Nath
250 _a1st.
260 _aDibrugarh:
_bBanalata,997.
300 _a159p:
_c23cm.
653 _aLanguage
653 _aAssamese language
653 _aAsamiya bhashar adhyayan
700 _aHazarika, Jyotirekha,
_eAuthor.
942 _cBK
999 _c2399
_d2399